<?xml version="1.0" encoding="UTF-8"?><?xml-stylesheet type="text/xsl" href="static/style.xsl"?><OAI-PMH xmlns="http://www.openarchives.org/OAI/2.0/" xmlns:xsi="http://www.w3.org/2001/XMLSchema-instance" xsi:schemaLocation="http://www.openarchives.org/OAI/2.0/ http://www.openarchives.org/OAI/2.0/OAI-PMH.xsd"><responseDate>2026-04-17T06:37:26Z</responseDate><request verb="GetRecord" identifier="oai:www.recercat.cat:2099.1/10450" metadataPrefix="marc">https://recercat.cat/oai/request</request><GetRecord><record><header><identifier>oai:recercat.cat:2099.1/10450</identifier><datestamp>2025-07-23T03:48:10Z</datestamp><setSpec>com_2072_1033</setSpec><setSpec>col_2072_452951</setSpec></header><metadata><record xmlns="http://www.loc.gov/MARC21/slim" xmlns:dcterms="http://purl.org/dc/terms/" xmlns:xsi="http://www.w3.org/2001/XMLSchema-instance" xmlns:doc="http://www.lyncode.com/xoai" xsi:schemaLocation="http://www.loc.gov/MARC21/slim http://www.loc.gov/standards/marcxml/schema/MARC21slim.xsd">
   <leader>00925njm 22002777a 4500</leader>
   <datafield ind2=" " ind1=" " tag="042">
      <subfield code="a">dc</subfield>
   </datafield>
   <datafield ind2=" " ind1=" " tag="720">
      <subfield code="a">Cuadrado Borbonés, Jordi</subfield>
      <subfield code="e">author</subfield>
   </datafield>
   <datafield ind2=" " ind1=" " tag="260">
      <subfield code="c">2010-07-01</subfield>
   </datafield>
   <datafield ind2=" " ind1=" " tag="520">
      <subfield code="a">El proyecto que se presenta a continuación, Creación e implantación en el Racó de un sistema&#xd;
para Carpool, surge para cubrir la necesidad de mejorar la eficiencia de los desplazamientos en&#xd;
vehículo privado a y desde el Campus Nord de Barcelona, generados por la propia actividad&#xd;
docente de la Facultat d’Informàtica de Barcelona.&#xd;
El proyecto se enmarca en la idea de una mejor gestión de la movilidad en cuanto al vehículo&#xd;
privado se refiere, llevándola a criterios más racionales y orientándola hacia la movilidad&#xd;
sostenible, entendiendo el proyecto como una primera parte –incluso un parche temporal si se&#xd;
quiere- de una acción generadora de los necesarios cambios sociales que debemos afrontar en&#xd;
el insostenible modelo de movilidad actual.&#xd;
Para conseguir este objetivo principal se ha de crear un sistema para Carpool (compartir&#xd;
coche) donde poner en contacto a diferentes personas para crear una comunidad -o como está&#xd;
actualmente de moda, red social- de personas que comparten recursos de transporte.&#xd;
Este proyecto, aprovecha el hecho de estar integrado allí donde es necesario y más útil: en el&#xd;
Racó del estudiante, la intranet y campus virtual de la FIB. En el Racó es donde está&#xd;
centralizada la información de la actividad como estudiante, con horarios, cambios y avisos de&#xd;
asignaturas, información necesaria para saber si es necesario desplazarse o no.&#xd;
En este proyecto se aprovechan las posibilidades tecnológicas de visualización y organización&#xd;
de la información, al usar como núcleo de la presentación de información geográfica el popular&#xd;
GoogleMaps, pensado en mejorar la experiencia del usuario. Además, se incorpora un&#xd;
concepto innovador en los sistemas para carpool: cruzar la información de horarios –además&#xd;
de la proximidad geográfica y confiabilidad de los usuarios- y permitir la búsqueda de personas&#xd;
con quien compartir sólo si coincide en la misma hora de salida y/o llegada, debido a la&#xd;
arquitectura flexible de horarios de la FIB.&#xd;
Así pues, desarrollar un sistema web útil, fácil, rápido y atractivo de usar -la parte “creación”&#xd;
del título- adaptado para ser incorporado en el marco del Racó –la parte implantación- será el&#xd;
resultado del proyecto.</subfield>
   </datafield>
   <datafield tag="653" ind2=" " ind1=" ">
      <subfield code="a">Àrees temàtiques de la UPC::Informàtica::Aplicacions de la informàtica</subfield>
   </datafield>
   <datafield tag="653" ind2=" " ind1=" ">
      <subfield code="a">Commuting</subfield>
   </datafield>
   <datafield tag="653" ind2=" " ind1=" ">
      <subfield code="a">Sustainable development</subfield>
   </datafield>
   <datafield tag="653" ind2=" " ind1=" ">
      <subfield code="a">Mobilitat obligada per treball</subfield>
   </datafield>
   <datafield tag="653" ind2=" " ind1=" ">
      <subfield code="a">Desenvolupament sostenible</subfield>
   </datafield>
   <datafield ind2="0" ind1="0" tag="245">
      <subfield code="a">Creación e implantación en el Racó de un sistema para Carpool</subfield>
   </datafield>
</record></metadata></record></GetRecord></OAI-PMH>